[Event "Titled Tuesday intern op 03rd Nov"]
[Site "Chess.com INT"]
[Date "2020.11.03"]
[Round "5"]
[White "Xiong, Jeffery"]
[Black "Magalashvili, Davit"]
[Result "1-0"]
[WhiteElo "2709"]
[BlackElo "2456"]
[PlyCount "109"]
[EventDate "2020.11.03"]
[EventType "swiss (blitz)"]
[EventRounds "11"]
[EventCountry "USA"]
[SourceTitle "CBM 199 Extra"]
[Source "ChessBase"]
[SourceDate "2021.01.31"]
[SourceVersion "1"]
[SourceVersionDate "2021.01.31"]
[SourceQuality "1"]

1. e4 c5 2. Nf3 d6 3. Bb5+ Bd7 4. Bxd7+ Nxd7 5. 0-0 Ngf6 6. Qe2 e6 7. d4 cxd4 8. Nxd4 a6 9. c4 Be7 10. Nc3 0-0 11. b3 Re8 12. Bb2 Qc7 13. Rad1 Ne5 14. f4 Nc6 15. Nxc6 Qxc6 16. e5 dxe5 17. fxe5 Nd7 18. Ne4 Nc5 19. Nd6 Bxd6 20. exd6 e5 21. Rd5 Nd7 22. Qg4 Re6 23. Kh1 Rxd6 24. Bxe5 Nxe5 25. Rxe5 Rg6 26. Qe4 Qxe4 27. Rxe4 Re6 28. Rd4 Rae8 29. h4 h5 30. Rd7 R8e7 31. Rfd1 Re4 32. Rxe7 Rxe7 33. Kh2 Kf8 34. Rd8+ Re8 35. Rd7 Re7 36. Rd8+ Re8 37. Rxe8+ Kxe8 38. Kg3 f6 39. Kf4 Ke7 40. b4 Ke6 41. a3 g6 42. a4 a5 43. bxa5 Kd6 44. Ke4 Kc5 45. Kd3 g5 46. g3 gxh4 47. gxh4 Kb4 48. a6 bxa6 49. Kd4 f5 50. c5 f4 51. c6 f3 52. Ke3 Kxa4 53. c7 a5 54. c8Q f2 55. Qc4+ 1-0

[Event "Titled Tuesday intern op 20th Oct"]
[Site "Chess.com INT"]
[Date "2020.10.20"]
[Round "6"]
[White "Anton Guijarro, David"]
[Black "Magalashvili, Davit"]
[Result "1-0"]
[WhiteElo "2681"]
[BlackElo "2456"]
[PlyCount "127"]
[EventDate "2020.10.20"]
[EventType "swiss (blitz)"]
[EventRounds "11"]
[EventCountry "USA"]
[SourceTitle "EXT 2022"]
[Source "ChessBase"]
[SourceDate "2021.10.06"]
[SourceVersion "1"]
[SourceVersionDate "2021.10.06"]
[SourceQuality "1"]

1. e4 c5 2. Nc3 a6 3. g3 b5 4. Bg2 Bb7 5. d3 e6 6. Nh3 g6 7. 0-0 Bg7 8. f4 Ne7 9. Be3 d6 10. d4 cxd4 11. Bxd4 0-0 12. Bxg7 Kxg7 13. Qd4+ f6 14. Rad1 Nc8 15. Ng5 Re8 16. e5 Bxg2 17. exf6+ Qxf6 18. Qxf6+ Kxf6 19. Kxg2 h6 20. Nge4+ Ke7 21. h4 Nd7 22. Rde1 Kf7 23. Nf2 Ncb6 24. Nce4 Ke7 25. b3 Rac8 26. Re2 d5 27. Nd2 Rxc2 28. Rfe1 Kd6 29. Nde4+ dxe4 30. Nxe4+ Ke7 31. Rxc2 Nd5 32. Nc5 Nxc5 33. Rxc5 Kd6 34. Rc2 b4 35. Rc4 a5 36. Kf3 Ra8 37. a4 bxa3 38. Ra1 Nb6 39. Rd4+ Kc5 40. Re4 Kd6 41. Rxa3 Nd5 42. b4 a4 43. b5 Nb6 44. Rc3 a3 45. Rc6+ Kd5 46. Re5+ Kd4 47. Rxb6 a2 48. Re1 a1Q 49. Rxa1 Rxa1 50. Rxe6 Ra3+ 51. Kg2 g5 52. fxg5 hxg5 53. hxg5 Kc5 54. b6 Ra8 55. g6 Rg8 56. Kf3 Kd5 57. Rf6 Ke5 58. Rf7 Rxg6 59. b7 Rb6 60. g4 Ke6 61. Rh7 Ke5 62. Rh5+ Kf6 63. Rh6+ Ke5 64. Rxb6 1-0

[Event "Titled Tuesday intern op 20th Oct"]
[Site "Chess.com INT"]
[Date "2020.10.20"]
[Round "3"]
[White "Magalashvili, Davit"]
[Black "Kuderinov, Kirill"]
[Result "1-0"]
[WhiteElo "2456"]
[BlackElo "2409"]
[PlyCount "97"]
[EventDate "2020.10.20"]
[EventType "swiss (blitz)"]
[EventRounds "11"]
[EventCountry "USA"]
[SourceTitle "EXT 2022"]
[Source "ChessBase"]
[SourceDate "2021.10.06"]
[SourceVersion "1"]
[SourceVersionDate "2021.10.06"]
[SourceQuality "1"]

1. Nf3 Nc6 2. d4 d6 3. g3 d5 4. Bg2 Nf6 5. 0-0 e6 6. c4 dxc4 7. Nbd2 Be7 8. Nxc4 0-0 9. a3 Rb8 10. b4 b5 11. Nce5 Bb7 12. Nxc6 Bxc6 13. Bb2 Ba8 14. Qc2 Be4 15. Qd2 Nd5 16. Rfc1 Nb6 17. Qc3 Nc4 18. Nd2 Bxg2 19. Kxg2 c5 20. bxc5 e5 21. Nxc4 bxc4 22. dxe5 Bxc5 23. e6 Qg5 24. Qxc4 Bb6 25. Bd4 fxe6 26. Qxe6+ Kh8 27. Bxb6 Rxb6 28. Rc8 Rb8 29. Rxb8 Rxb8 30. Rd1 h6 31. Rd7 Rf8 32. Qd5 Qf6 33. Qd4 Qc6+ 34. Rd5 Rd8 35. e4 Rf8 36. Rd6 Qc2 37. Rxh6+ Kg8 38. Re6 Qe2 39. Qe3 Qg4 40. Re5 Qd1 41. Rd5 Qg4 42. Rg5 Qe6 43. Qd4 Rf6 44. Re5 Qg4 45. Qd8+ Kh7 46. Qd3 Kg8 47. Rf5 Re6 48. Rf4 Qg6 49. Qd5 1-0

[Event "Titled Tuesday intern op 20th Oct"]
[Site "Chess.com INT"]
[Date "2020.10.20"]
[Round "2"]
[White "Mayeregger, Arnold"]
[Black "Magalashvili, Davit"]
[Result "1/2-1/2"]
[WhiteElo "2121"]
[BlackElo "2456"]
[PlyCount "105"]
[EventDate "2020.10.20"]
[EventType "swiss (blitz)"]
[EventRounds "11"]
[EventCountry "USA"]
[SourceTitle "EXT 2022"]
[Source "ChessBase"]
[SourceDate "2021.10.06"]
[SourceVersion "1"]
[SourceVersionDate "2021.10.06"]
[SourceQuality "1"]

1. e4 c5 2. Nf3 d6 3. c3 Nf6 4. h3 Nbd7 5. Bd3 e5 6. 0-0 Be7 7. Re1 0-0 8. Bc2 c4 9. b3 b5 10. a4 cxb3 11. Bxb3 Nc5 12. axb5 Ncxe4 13. Rxe4 Nxe4 14. Bd5 Bf5 15. Bxa8 Qxa8 16. b6 a6 17. Qe2 Nc5 18. d4 Nb3 19. Qb2 Nxa1 20. Qxa1 Be4 21. Nbd2 Bc6 22. c4 Qb7 23. dxe5 dxe5 24. Qxe5 Bf6 25. Qa5 Rd8 26. Ba3 h6 27. Bc5 Rd3 28. Be3 Bc3 29. Qf5 Bxd2 30. Qxd3 Bxf3 31. gxf3 Bb4 32. Qd8+ Kh7 33. Qd5 Qxd5 34. cxd5 Bd6 35. b7 Bb8 36. Bb6 Kg6 37. d6 Bxd6 38. Ba7 a5 39. b8Q Bxb8 40. Bxb8 a4 41. Bd6 f6 42. Ba3 Kf5 43. Kg2 Kf4 44. h4 h5 45. Bf8 g5 46. hxg5 fxg5 47. Ba3 Kf5 48. Kg3 h4+ 49. Kg2 Kf4 50. Bd6+ Kf5 51. Ba3 Kf4 52. Bd6+ Kf5 53. Ba3 1/2-1/2

[Event "Speed Chess Super Swiss"]
[Site "Chess.com INT"]
[Date "2020.10.03"]
[Round "5"]
[White "Magalashvili, Davit"]
[Black "Swicarz, Maciej"]
[Result "0-1"]
[WhiteElo "2456"]
[BlackElo "2341"]
[PlyCount "56"]
[EventDate "2020.10.03"]
[EventType "swiss (blitz)"]
[EventRounds "15"]
[EventCountry "USA"]
[SourceTitle "CBM 198 Extra"]
[Source "ChessBase"]
[SourceDate "2020.11.30"]
[SourceVersion "1"]
[SourceVersionDate "2020.11.30"]
[SourceQuality "1"]

1. Nf3 f5 2. g3 Nf6 3. Bg2 g6 4. d4 Bg7 5. c4 0-0 6. 0-0 d6 7. Nc3 c6 8. d5 Na6 9. Nd4 c5 10. Ne6 Bxe6 11. dxe6 Qc8 12. Nd5 Re8 13. Qb3 Rb8 14. Bg5 Nc7 15. Bxf6 Bxf6 16. Nxf6+ exf6 17. Rad1 Rxe6 18. e3 Kg7 19. Rd3 b5 20. Rfd1 Rb6 21. cxb5 Nxb5 22. Qc4 Nc7 23. b3 Qa6 24. Qc2 Ne8 25. Bd5 Re7 26. Bc4 Qb7 27. Rxd6 Rxd6 28. Rxd6 Nxd6 0-1

[Event "Speed Chess Super Swiss"]
[Site "Chess.com INT"]
[Date "2020.10.03"]
[Round "4"]
[White "Tologontegin, Semetey"]
[Black "Magalashvili, Davit"]
[Result "1-0"]
[WhiteElo "2358"]
[BlackElo "2456"]
[PlyCount "83"]
[EventDate "2020.10.03"]
[EventType "swiss (blitz)"]
[EventRounds "15"]
[EventCountry "USA"]
[SourceTitle "CBM 198 Extra"]
[Source "ChessBase"]
[SourceDate "2020.11.30"]
[SourceVersion "1"]
[SourceVersionDate "2020.11.30"]
[SourceQuality "1"]

1. d4 d5 2. c4 e6 3. Nc3 Be7 4. cxd5 exd5 5. Bf4 c6 6. e3 Bd6 7. Bg3 Ne7 8. Bd3 Bf5 9. Nge2 0-0 10. a3 Bxd3 11. Qxd3 a5 12. e4 dxe4 13. Nxe4 Nf5 14. Nxd6 Nxd6 15. 0-0 Re8 16. Nc3 Na6 17. Rad1 Nc7 18. d5 Nxd5 19. Nxd5 cxd5 20. Qxd5 Ne4 21. Qxb7 Qf6 22. Rfe1 Nxg3 23. Rxe8+ Rxe8 24. hxg3 h5 25. Qb5 Rc8 26. Qxh5 Qxb2 27. Qxa5 Rc1 28. Qd8+ Kh7 29. Qh4+ Kg8 30. Qd8+ Kh7 31. Qd3+ Kg8 32. a4 Rxd1+ 33. Qxd1 Qa2 34. g4 Qc4 35. Qa1 Qxg4 36. a5 Qd7 37. a6 Qa7 38. Qa5 g6 39. Qb5 Kg7 40. g3 Qd4 41. Qb7 Qd1+ 42. Kg2 1-0

[Event "Titled Tuesday intern op 29th Sept"]
[Site "Chess.com INT"]
[Date "2020.09.29"]
[Round "1"]
[White "Alice, Mateus Felizardo Vi"]
[Black "Magalashvili, Davit"]
[Result "0-1"]
[WhiteElo "2202"]
[BlackElo "2456"]
[PlyCount "90"]
[EventDate "2020.09.29"]
[EventType "swiss (blitz)"]
[EventRounds "10"]
[EventCountry "USA"]
[SourceTitle "CBM 198 Extra"]
[Source "ChessBase"]
[SourceDate "2020.11.30"]
[SourceVersion "1"]
[SourceVersionDate "2020.11.30"]
[SourceQuality "1"]

1. e4 c5 2. Nf3 d6 3. d4 cxd4 4. Nxd4 Nf6 5. Nc3 a6 6. f3 e5 7. Nb3 Be6 8. Be3 h5 9. Qd2 Nbd7 10. 0-0-0 Rc8 11. Kb1 Nb6 12. Bxb6 Qxb6 13. Be2 Be7 14. Rhg1 Qc7 15. h3 h4 16. f4 exf4 17. Qxf4 b5 18. Bd3 b4 19. Ne2 Nh5 20. Qf2 Bc4 21. Rgf1 0-0 22. Ned4 Ng3 23. Rfe1 Bf6 24. Nf5 Nxf5 25. exf5 d5 26. Bf1 a5 27. Bxc4 dxc4 28. Nd4 a4 29. Nb5 Qa5 30. Nd6 Rc6 31. Ne4 Qe5 32. Nxf6+ Qxf6 33. Qd4 Qxf5 34. Qxh4 b3 35. Qe4 Qb5 36. cxb3 axb3 37. a3 c3 38. bxc3 Rxc3 39. Qb4 Qf5+ 40. Ka1 Qf6 41. Qd4 Rc1+ 42. Kb2 Qxd4+ 43. Rxd4 Rxe1 44. Kxb3 Re2 45. g4 Re3+ 0-1

[Event "Titled Tuesday intern op 29th Sept"]
[Site "Chess.com INT"]
[Date "2020.09.29"]
[Round "10"]
[White "Gavrilescu, David"]
[Black "Magalashvili, Davit"]
[Result "1-0"]
[WhiteElo "2476"]
[BlackElo "2456"]
[PlyCount "55"]
[EventDate "2020.09.29"]
[EventType "swiss (blitz)"]
[EventRounds "10"]
[EventCountry "USA"]
[SourceTitle "CBM 198 Extra"]
[Source "ChessBase"]
[SourceDate "2020.11.30"]
[SourceVersion "1"]
[SourceVersionDate "2020.11.30"]
[SourceQuality "1"]

1. e4 c5 2. Nf3 d6 3. d4 cxd4 4. Nxd4 Nf6 5. Nc3 a6 6. g3 e5 7. Nf3 b5 8. a4 b4 9. Nd5 Nxe4 10. Bg2 Bb7 11. 0-0 Be7 12. Nxe5 Nxf2 13. Rxf2 dxe5 14. Qf3 0-0 15. Nxe7+ Qxe7 16. Qxb7 Qxb7 17. Bxb7 Ra7 18. Bg2 f5 19. Bd2 a5 20. c3 Na6 21. cxb4 Nxb4 22. Bxb4 axb4 23. b3 e4 24. Raf1 Raf7 25. g4 g6 26. gxf5 gxf5 27. Bxe4 Rg7+ 28. Bg2 1-0

[Event "Titled Tuesday intern op 29th Sept"]
[Site "Chess.com INT"]
[Date "2020.09.29"]
[Round "4"]
[White "Magalashvili, Davit"]
[Black "Onischuk, Vladimir"]
[Result "1/2-1/2"]
[WhiteElo "2456"]
[BlackElo "2633"]
[PlyCount "69"]
[EventDate "2020.09.29"]
[EventType "swiss (blitz)"]
[EventRounds "10"]
[EventCountry "USA"]
[SourceTitle "CBM 198 Extra"]
[Source "ChessBase"]
[SourceDate "2020.11.30"]
[SourceVersion "1"]
[SourceVersionDate "2020.11.30"]
[SourceQuality "1"]

1. Nf3 g6 2. g3 Bg7 3. d4 d6 4. Bg2 Nf6 5. 0-0 0-0 6. c4 Nc6 7. Nc3 e5 8. dxe5 dxe5 9. Qxd8 Rxd8 10. Bg5 Be6 11. Nd2 h6 12. Bxf6 Bxf6 13. Nd5 Bxd5 14. cxd5 Nb4 15. e4 Be7 16. Nc4 f6 17. Rfc1 a5 18. Bf1 a4 19. a3 Na6 20. Na5 Nc5 21. Rxc5 Bxc5 22. Nxb7 Bd4 23. Nxd8 Rxd8 24. Rc1 Bxb2 25. Rxc7 Bxa3 26. Ra7 Bc5 27. Rxa4 f5 28. exf5 gxf5 29. Bh3 Rxd5 30. Bxf5 Rd2 31. Ra2 Bxf2+ 32. Kg2 Rxa2 33. Be6+ Kg7 34. Bxa2 Bd4 35. Kf3 1/2-1/2